Římské aféry 2
Uložené v:
| Hlavní autori: | , |
|---|---|
| Ďalší autori: | , |
| Médium: | Kniha |
| Jazyk: | Czech Italian |
| Vydané: |
Praha :
Československý spisovatel,
1982.
|
| Vydanie: | 1. vyd. |
| ISBN: |
(brož.) |
| Fyzický popis: |
340 s. |
| Tagy: |
Pridať tag
Žiadne tagy, Buďte prvý kto otaguje tento záznam!
|
Titul je dostupný aj v ... 

MARC
| LEADER | 00000nam a2200000 a 4500 | ||
|---|---|---|---|
| 001 | 000151721 | ||
| 005 | 20090917154415.0 | ||
| 008 | 040101s1982 xr e czeo | ||
| 020 | |a (brož.) | ||
| 040 | |a SVKKK |b slo |c SVKKK |e AACR2 | ||
| 041 | 1 | |a cze |h ita | |
| 100 | 1 | |a Felisatti, Massimo |d nar. 1932 |4 aut | |
| 245 | 1 | 0 | |a Římské aféry |n 2 |c Massimo Felisatti, Fabio Pittorru ; překl. Jitka Minaříková, Eva Ruxová. |
| 250 | |a 1. vyd. | ||
| 260 | |a Praha : |b Československý spisovatel, |c 1982. | ||
| 300 | |a 340 s. | ||
| 700 | 1 | |a Pittorru, Fabio |d 1928-1995 |4 aut | |
| 700 | 1 | |a Minaříková, Jitka |d 1940- |4 trl | |
| 700 | 1 | |a Ruxová, Eva |d 1923- |4 trl | |
| 910 | |a svkkk | ||
| 998 | |a BK | ||
| 090 | |g SCKHL |k Sklad Hlavná 10 suterén |a I.53635 |j 654732 |i 2720690393 |s Povinný výt. | ||